000 00697nam a2200205 a 4500
003 0
005 20250312110703.0
008 090709s19uu xx 00 eng d
050 _aPHS BF 697
_b.T123 2009
100 _aTae, An Ha.
245 _aProfession and inclination to undergo cosmetic surgery /
_cTae An Ha.
260 _aLas PiƱas City, Philippines :
_bSouthville International School and Colleges,
_c2009.
300 _a36 pages :
_billustrations ;
_c28 cm.
504 _aIncludes bibliographical references.
650 _aCosmetic surgery
_xPsychological aspects.
650 _aBody image.
650 _aSelf-perception.
650 _aOccupation
_xSocial aspects.
942 _2lcc
_cPASS
999 _c98275
_d98275